Barney's Bowlarama Championship Teams Quiz Stats

 Plays Quiz Updated Aug 17, 2015

Also try: Homer at the Bat
Challenge
Share
Tweet
Embed
Score 0/27 Timer 06:00
0 Plays Today
A B % Correct
Pin PalsHomer Simpson
98.2%
Holy RollersNed Flanders
85.4%
Pin PalsMoe Szyslak
84.8%
Springfield Police FramersChief Wiggum
82.9%
Pin PalsApu Nahasapeemapetilon
82.8%
Channel 6Kent Brockman
77.9%
Pin PalsMr. Burns
75.2%
Holy RollersTimothy Lovejoy
71.7%
DMV Regulation KingsSelma Bouvier
70.4%
Holy RollersMaude Flanders
69.5%
DMV Regulation KingsPatty Bouvier
69.1%
Springfield Police FramersLou
67.2%
Pin PalsOtto Mann
60.9%
Holy RollersHelen Lovejoy
57%
A B % Correct
Springfield Police FramersEddie
49.6%
Channel 6Krusty the Klown
48.2%
Channel 6Bumblebee Man
46.9%
Springfield Police FramersSnake
38.9%
Channel 6Arnie Pye
35.2%
Stereo-TypesLuigi
31.8%
Stereo-TypesSea Captain
31.5%
Stereo-TypesGroundskeeper Willie
26.8%
The Home WreckersJacques
26.8%
The Home WreckersLurleen Lumpkin
23.9%
The Home WreckersMindy Simmons
21.5%
Stereo-TypesCletus
20.4%
The Home WreckersPrincess Kashmir
18%

You're not logged in!

Compare scores with friends on all Sporcle quizzes.
OR
Log In

You Might Also Like...

Show Comments

Extras

Top Quizzes Today


Score Distribution

Your Account Isn't Verified!

In order to create a playlist on Sporcle, you need to verify the email address you used during registration. Go to your Sporcle Settings to finish the process.

Report this User

Report this user for behavior that violates our Community Guidelines.

Details: